| 000 | 00413nam a2200145 a 4500 | ||
|---|---|---|---|
| 001 | 000033136 | ||
| 005 | 20200930070042.0 | ||
| 008 | 110817s1931 dr 000 0 spa d | ||
| 040 |
_aDO-SdBNP _bspa _cBNPHU |
||
| 100 | 1 |
_aDeligne, Gastón F. _938707 |
|
| 245 | 1 | 0 |
_aRomances de la hispaniola / _cGastón F. Deligne. |
| 260 |
_aSanto Domingo : _bImp. Cervantes, _c1931. |
||
| 300 |
_a31 p. ; _c16 cm. |
||
| 049 | _aBNPD | ||
| 999 |
_c32627 _d32627 |
||